| 000 | 01005cam a2200229 4500 | ||
|---|---|---|---|
| 001 | ABS62682 | ||
| 008 | 000000n2000 000 0 eng u | ||
| 035 | _a(Sirsi) u107949 | ||
| 100 | _aBertrams, R. | ||
| 245 | 4 | _aThe new forms of security in FIDICs 1999 conditions of contract | |
| 260 | _c2000 | ||
| 490 |
_aInternational Construction Law Review _v17(3) July 2000, 368-383(7) |
||
| 520 | _aExamines in detail the forms of security in the latest FIDIC conditions of contract: EPC turnkey projects; plant and design-build for electrical and mechanical plant ; and construction for building and engineering works. Compares with the 1987 form of security and discusses the increase in 'independent' or 'demand' guarantees. Example forms. | ||
| 590 | _aABS | ||
| 650 | _aFORMS OF SECURITY | ||
| 650 | _aFIDIC CONDITIONS OF CONTRACT | ||
| 650 | _aTURNKEY CONTRACTS | ||
| 650 | _aDEMAND GUARANTEES | ||
| 650 | _aGUARANTEES | ||
| 690 | _aBUILT ENVIRONMENT-BUILDING CONTRACT FORMS | ||
| 942 | _n0 | ||
| 999 |
_c64484 _d64484 |
||